00618nam a22001697a 4500952015800000999001700158003000400175005001700179008004100196040000900237082002200246100003400268245004300302260004000345300001300385942005000398 00102ddc40708SSaMESbMEScMALd2021-04-28g90.00l6m1o894.812301 KOD/Jp41133q2026-06-10r2026-05-11 12:55:53s2026-05-11w2021-04-28yBKzGR30R2 c41315d41315OSt20210428104952.0210428b ||||| |||| 00| 0 eng d coclc a894.812301bKOD/J 98598aKoduvally, Abdullatheef aJuha Kathakal/cAbdullatheef Koduvally aCalicut:bPratheeksha Books,c2018. a95 pages 2ddccBKh894.812301iKOD/Jk894.812301mKOD/J